[Event "DVM U16 2020"]
[Site "Willingen GER"]
[Date "2021.06.25"]
[Round "3"]
[White "Liebold, Aaron"]
[Black "Weihrauch, Jakob"]
[Result "1-0"]
[Termination "normal"]
[Board "1.1"]
[WhiteElo "1995"]
[BlackElo "2146"]
[WhiteClock "00:09:48"]
[BlackClock "00:11:38"]
[WhiteTeam "ESV Gera"]
[BlackTeam "Hamburger SK von 1830"]
[PlyCount "57"]
[WhiteFideId "12997846"]
[BlackFideId "16210115"]
[EventCountry "GER"]
[EventRounds "7"]
[EventType "team-swiss"]
[EventDate "2021.06.23"]

1. e4 {[%clk 1:30:56]} 1... c5 {[%clk 1:30:53]} 2. Nc3 {[%clk 1:29:53]} 2... d6
{[%clk 1:31:15]} 3. g3 {[%clk 1:30:04]} 3... Nc6 {[%clk 1:29:59]} 4. Bg2 {
[%clk 1:30:22]} 4... g6 {[%clk 1:29:43]} 5. d3 {[%clk 1:29:38]} 5... Bg7 {
[%clk 1:30:02]} 6. Be3 {[%clk 1:28:30]} 6... Rb8 {[%clk 1:29:30]} 7. Qd2 {
[%clk 1:26:13]} 7... b5 {[%clk 1:29:33]} 8. Nge2 {[%clk 1:25:25]} 8... b4 {
[%clk 1:29:52]} 9. Nd1 {[%clk 1:25:46]} 9... Nd4 {[%clk 1:30:08]} 10. O-O {
[%clk 1:24:10]} 10... h5 {[%clk 1:30:26]} 11. c3 {[%clk 1:19:44]} 11... Nxe2+ {
[%clk 1:25:12]} 12. Qxe2 {[%clk 1:20:06]} 12... h4 {[%clk 1:23:28]} 13. d4 {
[%clk 1:07:14]} 13... hxg3 {[%clk 1:19:17]} 14. fxg3 {[%clk 1:01:33]} 14...
cxd4 {[%clk 1:18:19]} 15. cxd4 {[%clk 0:50:15]} 15... Nf6 {[%clk 1:15:42]} 16.
Nf2 {[%clk 0:49:06]} 16... Bd7 {[%clk 1:12:04]} 17. e5 {[%clk 0:37:26]} 17...
Bb5 {[%clk 0:47:23]} 18. Qf3 {[%clk 0:35:31]} 18... dxe5 {[%clk 0:45:01]} 19.
dxe5 {[%clk 0:35:00]} 19... Nd7 {[%clk 0:45:16]} 20. Rfd1 {[%clk 0:24:25]}
20... Qa5 {[%clk 0:39:20]} 21. e6 {[%clk 0:22:14]} 21... fxe6 {[%clk 0:37:51]}
22. Qg4 {[%clk 0:19:42]} 22... Bxb2 {[%clk 0:28:34]} 23. Qxg6+ {[%clk 0:17:06]}
23... Kd8 {[%clk 0:27:59]} 24. Rab1 {[%clk 0:16:02]} 24... Bf6 {[%clk 0:21:19]}
25. Ne4 {[%clk 0:14:15]} 25... Qxa2 {[%clk 0:10:41]} 26. Nxf6 {[%clk 0:11:43]}
26... exf6 {[%clk 0:11:05]} 27. Qxf6+ {[%clk 0:11:37]} 27... Kc7 { [%clk
0:11:30]} 28. Rbc1+ {[%clk 0:10:21]} 28... Bc4 {[%clk 0:11:38]} 29. Qxe6 {[%clk
0:09:48]} 1-0

[Event "DVM U16 2020"]
[Site "Willingen GER"]
[Date "2021.06.25"]
[Round "3"]
[White "Kotyk, Michael"]
[Black "Müller, Magnus"]
[Result "1/2-1/2"]
[Termination "normal"]
[Board "1.2"]
[WhiteElo "1960"]
[BlackElo "2090"]
[WhiteClock "00:03:36"]
[BlackClock "00:01:49"]
[WhiteTeam "Hamburger SK von 1830"]
[BlackTeam "ESV Gera"]
[PlyCount "77"]
[WhiteFideId "16214501"]
[BlackFideId "16230060"]
[EventCountry "GER"]
[EventRounds "7"]
[EventType "team-swiss"]
[EventDate "2021.06.23"]

1. d4 {[%clk 1:30:57]} 1... Nf6 {[%clk 1:30:53]} 2. c4 {[%clk 1:31:22]} 2... e6
{[%clk 1:31:13]} 3. Nc3 {[%clk 1:31:47]} 3... Bb4 {[%clk 1:31:38]} 4. e3 {
[%clk 1:32:14]} 4... O-O {[%clk 1:32:02]} 5. Bd2 {[%clk 1:32:40]} 5... d5 {
[%clk 1:32:16]} 6. Nf3 {[%clk 1:32:41]} 6... b6 {[%clk 1:29:04]} 7. cxd5 {
[%clk 1:32:45]} 7... exd5 {[%clk 1:29:31]} 8. Rc1 {[%clk 1:33:07]} 8... Re8 {
[%clk 1:25:42]} 9. Bd3 {[%clk 1:31:02]} 9... Bb7 {[%clk 1:25:04]} 10. O-O {
[%clk 1:28:35]} 10... a6 {[%clk 1:16:38]} 11. Ne5 {[%clk 1:27:37]} 11... Nbd7 {
[%clk 1:06:38]} 12. f4 {[%clk 1:27:33]} 12... Bd6 {[%clk 0:58:37]} 13. Qf3 {
[%clk 1:25:16]} 13... b5 {[%clk 0:52:35]} 14. Qh3 {[%clk 1:10:45]} 14... Nf8 {
[%clk 0:46:49]} 15. Be1 {[%clk 1:01:39]} 15... Ne4 {[%clk 0:39:57]} 16. Nxe4 {
[%clk 0:38:12]} 16... dxe4 {[%clk 0:37:55]} 17. Be2 {[%clk 0:38:27]} 17... Bd5
{[%clk 0:29:01]} 18. Nc6 {[%clk 0:32:58]} 18... Qc8 {[%clk 0:22:55]} 19. Qxc8 {
[%clk 0:30:51]} 19... Rexc8 {[%clk 0:23:22]} 20. a3 {[%clk 0:30:27]} 20... f6 {
[%clk 0:19:59]} 21. Ba5 {[%clk 0:24:56]} 21... Kf7 {[%clk 0:18:20]} 22. Rc3 {
[%clk 0:24:05]} 22... g6 {[%clk 0:17:00]} 23. Rfc1 {[%clk 0:23:18]} 23... Ne6 {
[%clk 0:16:13]} 24. Ra1 {[%clk 0:17:40]} 24... Bxc6 {[%clk 0:12:10]} 25. Rxc6 {
[%clk 0:17:36]} 25... Bxf4 {[%clk 0:12:08]} 26. Kf2 {[%clk 0:13:29]} 26... Bd6
{[%clk 0:12:27]} 27. Bd1 {[%clk 0:11:05]} 27... Ke7 {[%clk 0:11:32]} 28. Rac1 {
[%clk 0:08:24]} 28... Nd8 {[%clk 0:10:41]} 29. R6c3 {[%clk 0:08:38]} 29... Kd7
{[%clk 0:10:38]} 30. Bb3 {[%clk 0:07:32]} 30... Nb7 {[%clk 0:10:03]} 31. Bb4 {
[%clk 0:07:46]} 31... Bxb4 {[%clk 0:09:05]} 32. axb4 {[%clk 0:08:15]} 32... c6
{[%clk 0:09:17]} 33. d5 {[%clk 0:07:32]} 33... cxd5 {[%clk 0:09:01]} 34. Bxd5 {
[%clk 0:07:44]} 34... Rxc3 {[%clk 0:08:56]} 35. Rxc3 {[%clk 0:08:13]} 35... Ra7
{[%clk 0:06:10]} 36. Bxe4 {[%clk 0:04:53]} 36... Nd6 {[%clk 0:06:24]} 37. Bd5 {
[%clk 0:05:06]} 37... Rc7 {[%clk 0:01:25]} 38. Rxc7+ {[%clk 0:03:44]} 38...
Kxc7 {[%clk 0:01:49]} 39. Ke2 {[%clk 0:03:36]} 1/2-1/2

[Event "DVM U16 2020"]
[Site "Willingen GER"]
[Date "2021.06.25"]
[Round "3"]
[White "Schubert, Nikita"]
[Black "von Krosigk, Florian"]
[Result "0-1"]
[Termination "normal"]
[Board "1.3"]
[WhiteElo "1917"]
[BlackElo "1941"]
[WhiteTeam "ESV Gera"]
[BlackTeam "Hamburger SK von 1830"]
[PlyCount "66"]
[WhiteFideId "16212339"]
[BlackFideId "16227808"]
[EventCountry "GER"]
[EventRounds "7"]
[EventType "team-swiss"]
[EventDate "2021.06.23"]

1. d4 Nf6 2. c4 e6 3. Nf3 d5 4. g3 dxc4 5. Bg2 Bd7 6. Ne5 Bc6 7. Nxc6 Nxc6 8.
e3 Qd7 9. O-O O-O-O 10. Nc3 Nd5 11. Qe2 Nb6 12. Rd1 Bb4 13. Bd2 f5 14. b3 cxb3
15. axb3 Bxc3 16. Bxc3 Nd5 17. Be1 Kb8 18. Rdc1 a6 19. Qc4 Na7 20. Bf1 h5 21.
Ra5 g5 22. Rca1 c6 23. Bd2 Rdg8 24. Re1 Nb5 25. Bg2 h4 26. Qd3 hxg3 27. hxg3
Nf6 28. Qc2 Rh6 29. Ra4 Nd6 30. Bc1 Nde4 31. Bb2 Rgh8 32. Qe2 Qh7 33. Qf3 Nd2
0-1

[Event "DVM U16 2020"]
[Site "Willingen GER"]
[Date "2021.06.25"]
[Round "3"]
[White "Stockmann, Till"]
[Black "Pahl, Erik"]
[Result "1/2-1/2"]
[Termination "normal"]
[Board "2.1"]
[WhiteElo "1965"]
[BlackElo "2110"]
[WhiteClock "00:28:32"]
[BlackClock "00:17:49"]
[WhiteTeam "Schachzwerge Magdeburg"]
[BlackTeam "Delmenhorster SK"]
[PlyCount "102"]
[WhiteFideId "12979341"]
[BlackFideId "16201272"]
[EventCountry "GER"]
[EventRounds "7"]
[EventType "team-swiss"]
[EventDate "2021.06.23"]

1. e4 {[%clk 1:30:57]} 1... c5 {[%clk 1:30:54]} 2. Nf3 {[%clk 1:31:22]} 2...
Nc6 {[%clk 1:31:19]} 3. d4 {[%clk 1:31:45]} 3... cxd4 {[%clk 1:31:45]} 4. Nxd4
{[%clk 1:32:06]} 4... Nf6 {[%clk 1:32:11]} 5. Nc3 {[%clk 1:32:12]} 5... e5 {
[%clk 1:32:36]} 6. Ndb5 {[%clk 1:30:44]} 6... d6 {[%clk 1:33:01]} 7. Bg5 {
[%clk 1:30:13]} 7... a6 {[%clk 1:33:24]} 8. Na3 {[%clk 1:30:35]} 8... b5 {
[%clk 1:33:49]} 9. Nd5 {[%clk 1:30:53]} 9... Be7 {[%clk 1:34:14]} 10. Bxf6 {
[%clk 1:31:14]} 10... Bxf6 {[%clk 1:34:40]} 11. c4 {[%clk 1:31:02]} 11... b4 {
[%clk 1:34:51]} 12. Nc2 {[%clk 1:31:27]} 12... Rb8 {[%clk 1:33:13]} 13. b3 {
[%clk 1:27:59]} 13... Bg5 {[%clk 1:29:59]} 14. g3 {[%clk 1:26:56]} 14... O-O {
[%clk 1:26:43]} 15. h4 {[%clk 1:25:48]} 15... Bh6 {[%clk 1:27:05]} 16. Bh3 {
[%clk 1:26:11]} 16... Be6 {[%clk 1:27:13]} 17. Kf1 {[%clk 1:26:06]} 17... a5 {
[%clk 1:20:21]} 18. Kg2 {[%clk 1:23:00]} 18... Ne7 {[%clk 1:12:48]} 19. Nce3 {
[%clk 1:21:24]} 19... Bxe3 {[%clk 1:12:40]} 20. Nxe3 {[%clk 1:21:46]} 20... Nc6
{[%clk 1:12:47]} 21. Qd3 {[%clk 1:18:54]} 21... Qe7 {[%clk 1:10:49]} 22. Rad1 {
[%clk 1:15:20]} 22... Rbd8 {[%clk 1:10:49]} 23. f4 {[%clk 1:07:16]} 23... Nd4 {
[%clk 0:54:38]} 24. f5 {[%clk 1:04:15]} 24... Bc8 {[%clk 0:54:44]} 25. Nd5 {
[%clk 1:03:22]} 25... Qa7 {[%clk 0:54:25]} 26. f6 {[%clk 1:02:40]} 26... Be6 {
[%clk 0:53:51]} 27. fxg7 {[%clk 0:39:52]} 27... Kxg7 {[%clk 0:54:12]} 28. Qe3 {
[%clk 0:40:09]} 28... h6 {[%clk 0:47:37]} 29. Bf5 {[%clk 0:35:25]} 29... Ra8 {
[%clk 0:41:44]} 30. Qd3 {[%clk 0:28:26]} 30... a4 {[%clk 0:29:32]} 31. Rd2 {
[%clk 0:22:56]} 31... axb3 {[%clk 0:21:20]} 32. axb3 {[%clk 0:23:09]} 32...
Bxd5 {[%clk 0:20:24]} 33. exd5 {[%clk 0:23:05]} 33... Qc7 {[%clk 0:13:55]} 34.
Rf1 {[%clk 0:18:32]} 34... Ra3 {[%clk 0:13:04]} 35. Rb2 {[%clk 0:18:46]} 35...
Rfa8 {[%clk 0:12:34]} 36. Qd1 {[%clk 0:16:32]} 36... Ra2 {[%clk 0:10:20]} 37.
Qg4+ {[%clk 0:16:34]} 37... Kh8 {[%clk 0:09:23]} 38. Rff2 {[%clk 0:16:53]}
38... Rxb2 {[%clk 0:09:23]} 39. Rxb2 {[%clk 0:17:15]} 39... f6 {[%clk 0:05:37]}
40. Qe4 {[%clk 0:11:19]} 40... Qg7 {[%clk 0:04:35]} 41. Bg6 {[%clk 0:04:38]}
41... Rg8 {[%clk 0:27:18]} 42. h5 {[%clk 0:34:15]} 42... f5 {[%clk 0:27:39]}
43. Qe1 {[%clk 0:34:19]} 43... Qf6 {[%clk 0:21:20]} 44. Qxb4 {[%clk 0:30:11]}
44... f4 {[%clk 0:21:18]} 45. Qb7 {[%clk 0:29:31]} 45... Rxg6 {[%clk 0:15:54]}
46. hxg6 {[%clk 0:29:38]} 46... Qxg6 {[%clk 0:16:07]} 47. Qc8+ {[%clk 0:29:08]}
47... Kg7 {[%clk 0:16:31]} 48. Qd7+ {[%clk 0:29:10]} 48... Kg8 {[%clk 0:16:51]}
49. Qd8+ {[%clk 0:28:55]} 49... Kg7 {[%clk 0:17:12]} 50. Qe7+ {[%clk 0:28:07]}
50... Kg8 {[%clk 0:17:26]} 51. Qd8+ {[%clk 0:28:32]} 51... Kg7 {[%clk 0:17:49]}
1/2-1/2

[Event "DVM U16 2020"]
[Site "Willingen GER"]
[Date "2021.06.25"]
[Round "3"]
[White "Pahl, Theis"]
[Black "Heutling, Elina"]
[Result "0-1"]
[Termination "normal"]
[Board "2.2"]
[WhiteElo "2123"]
[BlackElo "1922"]
[WhiteClock "00:30:29"]
[BlackClock "00:01:30"]
[WhiteTeam "Delmenhorster SK"]
[BlackTeam "Schachzwerge Magdeburg"]
[PlyCount "50"]
[WhiteFideId "16201264"]
[BlackFideId "16244729"]
[EventCountry "GER"]
[EventRounds "7"]
[EventType "team-swiss"]
[EventDate "2021.06.23"]

1. e4 {[%clk 1:30:57]} 1... c5 {[%clk 1:30:50]} 2. Nc3 {[%clk 1:30:47]} 2... d6
{[%clk 1:30:50]} 3. d4 {[%clk 1:29:52]} 3... cxd4 {[%clk 1:30:49]} 4. Qxd4 {
[%clk 1:30:17]} 4... Nc6 {[%clk 1:30:23]} 5. Qd2 {[%clk 1:30:40]} 5... g6 {
[%clk 1:29:44]} 6. f4 {[%clk 1:26:04]} 6... Bh6 7. Qf2 {[%clk 1:16:30]} 7...
Nf6 {[%clk 1:15:20]} 8. Bd3 {[%clk 1:13:19]} 8... e5 {[%clk 1:04:53]} 9. Nge2 {
[%clk 1:10:32]} 9... Ng4 {[%clk 0:54:12]} 10. Qg3 {[%clk 1:09:20]} 10... f5 {
[%clk 0:50:11]} 11. O-O {[%clk 1:04:08]} 11... Rf8 {[%clk 0:44:56]} 12. Nd5 {
[%clk 0:57:04]} 12... exf4 {[%clk 0:34:02]} 13. Bxf4 {[%clk 0:43:36]} 13... g5
{[%clk 0:27:25]} 14. exf5 {[%clk 0:42:24]} 14... Nge5 {[%clk 0:22:58]} 15. Qh3
{[%clk 0:39:46]} 15... Nxd3 {[%clk 0:18:29]} 16. Qxh6 {[%clk 0:37:39]} 16...
Nxf4 {[%clk 0:18:10]} 17. Nexf4 {[%clk 0:37:10]} 17... gxf4 {[%clk 0:18:28]}
18. Rae1+ {[%clk 0:37:09]} 18... Ne5 {[%clk 0:17:55]} 19. Rxf4 {[%clk 0:30:52]}
19... Qa5 {[%clk 0:13:51]} 20. Nc3 {[%clk 0:30:36]} 20... Qb6+ {[%clk 0:10:35]}
21. Kh1 {[%clk 0:30:58]} 21... Rxf5 {[%clk 0:04:03]} 22. Rxf5 {[%clk 0:30:33]}
22... Bxf5 {[%clk 0:04:31]} 23. Qf6 {[%clk 0:30:43]} 23... Qf2 {[%clk 0:02:46]}
24. Rd1 {[%clk 0:30:44]} 24... Nd7 {[%clk 0:01:08]} 25. Nd5 {[%clk 0:30:29]}
25... Nxf6 {[%clk 0:01:30]} 0-1

[Event "DVM U16 2020"]
[Site "Willingen GER"]
[Date "2021.06.25"]
[Round "3"]
[White "Zeuner, Ole"]
[Black "Sinnhöfer, Joshua"]
[Result "0-1"]
[Termination "normal"]
[Board "2.3"]
[WhiteElo "1770"]
[BlackElo "1712"]
[WhiteClock "00:00:34"]
[BlackClock "00:50:35"]
[WhiteTeam "Schachzwerge Magdeburg"]
[BlackTeam "Delmenhorster SK"]
[PlyCount "116"]
[WhiteFideId "12943576"]
[BlackFideId "16201361"]
[EventCountry "GER"]
[EventRounds "7"]
[EventType "team-swiss"]
[EventDate "2021.06.23"]

1. d4 {[%clk 1:30:55]} 1... Nf6 {[%clk 1:30:51]} 2. Bf4 {[%clk 1:31:15]} 2...
e6 {[%clk 1:31:11]} 3. e3 {[%clk 1:30:59]} 3... c5 {[%clk 1:30:56]} 4. c3 {
[%clk 1:31:20]} 4... Nc6 {[%clk 1:29:36]} 5. Nd2 {[%clk 1:31:09]} 5... cxd4 {
[%clk 1:28:45]} 6. exd4 {[%clk 1:31:22]} 6... Be7 {[%clk 1:27:03]} 7. Bd3 {
[%clk 1:30:46]} 7... O-O {[%clk 1:20:34]} 8. Ngf3 {[%clk 1:30:37]} 8... d6 {
[%clk 1:17:18]} 9. Ne4 {[%clk 1:17:42]} 9... Nd5 {[%clk 1:12:23]} 10. Bd2 {
[%clk 1:14:17]} 10... f5 {[%clk 1:02:22]} 11. Ng3 {[%clk 1:10:00]} 11... Kh8 {
[%clk 1:01:38]} 12. Qb3 {[%clk 0:53:32]} 12... Nc7 {[%clk 0:56:38]} 13. O-O-O {
[%clk 0:41:25]} 13... e5 {[%clk 0:51:27]} 14. dxe5 {[%clk 0:35:41]} 14... dxe5
{[%clk 0:51:44]} 15. Be2 {[%clk 0:34:03]} 15... Be6 {[%clk 0:46:21]} 16. Qc2 {
[%clk 0:29:26]} 16... e4 {[%clk 0:45:10]} 17. Bf4 {[%clk 0:22:35]} 17... Qc8 {
[%clk 0:43:02]} 18. Nd4 {[%clk 0:19:47]} 18... Nxd4 {[%clk 0:40:32]} 19. Rxd4 {
[%clk 0:19:06]} 19... Bc5 {[%clk 0:37:16]} 20. Rd2 {[%clk 0:15:28]} 20... Nd5 {
[%clk 0:35:42]} 21. Be5 {[%clk 0:12:56]} 21... Bxf2 {[%clk 0:34:56]} 22. Nh5 {
[%clk 0:11:39]} 22... Rf7 {[%clk 0:33:59]} 23. Kb1 {[%clk 0:11:00]} 23... Be3 {
[%clk 0:31:58]} 24. Rdd1 {[%clk 0:10:55]} 24... Bh6 {[%clk 0:30:31]} 25. Qa4 {
[%clk 0:09:49]} 25... f4 {[%clk 0:27:46]} 26. Qd4 {[%clk 0:06:02]} 26... Ne3 {
[%clk 0:24:52]} 27. Rdg1 {[%clk 0:03:19]} 27... Ng4 {[%clk 0:24:30]} 28. Rf1 {
[%clk 0:02:26]} 28... Nxe5 {[%clk 0:22:14]} 29. Qxe5 {[%clk 0:02:54]} 29... Bg4
{[%clk 0:22:19]} 30. Bxg4 {[%clk 0:02:08]} 30... Qxg4 {[%clk 0:22:42]} 31. h3 {
[%clk 0:01:11]} 31... Qf5 {[%clk 0:22:03]} 32. Qxf5 {[%clk 0:00:56]} 32... Rxf5
{[%clk 0:22:26]} 33. Ng3 {[%clk 0:01:18]} 33... Re5 {[%clk 0:22:07]} 34. Ne2 {
[%clk 0:01:37]} 34... g5 {[%clk 0:22:13]} 35. Rd1 {[%clk 0:00:46]} 35... Rae8 {
[%clk 0:22:06]} 36. Nd4 {[%clk 0:00:44]} 36... Bf8 {[%clk 0:21:44]} 37. Rhe1 {
[%clk 0:00:34]} 37... Bc5 {[%clk 0:21:43]} 38. Kc2 {[%clk 0:00:38]} 38... Bxd4
{[%clk 0:21:18]} 39. cxd4 {[%clk 0:00:42]} 39... Rd5 {[%clk 0:21:34]} 40. Kc3 {
[%clk 0:00:35]} 40... Rc8+ {[%clk 0:20:32]} 41. Kb3 {[%clk 0:29:22]} 41... e3 {
[%clk 0:50:49]} 42. Re2 {[%clk 0:27:19]} 42... Kg7 {[%clk 0:50:43]} 43. a4 {
[%clk 0:25:09]} 43... Kf6 {[%clk 0:50:47]} 44. Rc2 {[%clk 0:20:57]} 44... Rcd8
{[%clk 0:49:30]} 45. Rc4 {[%clk 0:17:58]} 45... Kf5 {[%clk 0:49:55]} 46. Kc3 {
[%clk 0:17:50]} 46... Ke4 {[%clk 0:50:18]} 47. Rc7 {[%clk 0:17:00]} 47... Re8 {
[%clk 0:49:51]} 48. Re1 {[%clk 0:05:05]} 48... Rxd4 {[%clk 0:49:52]} 49. Rxb7 {
[%clk 0:04:23]} 49... Rc8+ {[%clk 0:50:06]} 50. Kb3 {[%clk 0:04:41]} 50... Rcd8
{[%clk 0:50:04]} 51. Rxa7 {[%clk 0:02:45]} 51... Kd3 {[%clk 0:50:12]} 52. Rc7 {
[%clk 0:02:23]} 52... Rb8+ {[%clk 0:49:57]} 53. Ka3 {[%clk 0:02:38]} 53... Kd2
{[%clk 0:50:07]} 54. Rec1 {[%clk 0:02:01]} 54... Rd3+ {[%clk 0:49:48]} 55. Ka2
{[%clk 0:02:09]} 55... e2 {[%clk 0:50:04]} 56. R1c2+ {[%clk 0:01:02]} 56... Ke1
{[%clk 0:50:11]} 57. Re7 {[%clk 0:01:00]} 57... Re3 {[%clk 0:50:19]} 58. Rd7 {
[%clk 0:00:34]} 58... Kf1 {[%clk 0:50:35]} 0-1

[Event "DVM U16 2020"]
[Site "Willingen GER"]
[Date "2021.06.25"]
[Round "3"]
[White "Wander, Dennis"]
[Black "Morgenstern, Tobias"]
[Result "0-1"]
[Termination "normal"]
[Board "2.4"]
[WhiteElo "1595"]
[BlackElo "1971"]
[WhiteClock "00:18:17"]
[BlackClock "00:06:44"]
[WhiteTeam "Delmenhorster SK"]
[BlackTeam "Schachzwerge Magdeburg"]
[PlyCount "69"]
[WhiteFideId "16276523"]
[BlackFideId "12974390"]
[EventCountry "GER"]
[EventRounds "7"]
[EventType "team-swiss"]
[EventDate "2021.06.23"]

1. e4 {[%clk 1:30:58]} 1... e5 {[%clk 1:30:53]} 2. Nf3 {[%clk 1:31:20]} 2...
Nc6 {[%clk 1:31:18]} 3. d4 {[%clk 1:31:44]} 3... exd4 {[%clk 1:31:20]} 4. Bc4 {
[%clk 1:32:07]} 4... Bc5 {[%clk 1:30:00]} 5. c3 {[%clk 1:32:04]} 5... Nf6 {
[%clk 1:29:22]} 6. cxd4 {[%clk 1:30:44]} 6... Bb4+ {[%clk 1:29:34]} 7. Bd2 {
[%clk 1:30:13]} 7... Bxd2+ {[%clk 1:29:56]} 8. Nbxd2 {[%clk 1:30:35]} 8... d5 {
[%clk 1:30:01]} 9. exd5 {[%clk 1:29:50]} 9... Nxd5 {[%clk 1:30:19]} 10. Qb3 {
[%clk 1:29:21]} 10... Nce7 {[%clk 1:30:00]} 11. O-O {[%clk 1:27:04]} 11... O-O
{[%clk 1:28:02]} 12. Rfe1 {[%clk 1:24:29]} 12... c6 {[%clk 1:25:45]} 13. h3 {
[%clk 1:22:46]} 13... Qb6 {[%clk 1:22:20]} 14. Ne4 {[%clk 1:08:31]} 14... Nf5 {
[%clk 0:58:22]} 15. Bxd5 {[%clk 1:01:31]} 15... cxd5 {[%clk 0:56:56]} 16. Qxb6
{[%clk 0:59:25]} 16... axb6 {[%clk 0:57:11]} 17. Nc3 {[%clk 0:59:43]} 17... Be6
{[%clk 0:55:36]} 18. g4 {[%clk 0:52:34]} 18... Nd6 {[%clk 0:54:16]} 19. Ng5 {
[%clk 0:51:36]} 19... Rfe8 {[%clk 0:54:11]} 20. Re2 {[%clk 0:48:52]} 20... h6 {
[%clk 0:50:40]} 21. Nxe6 {[%clk 0:45:59]} 21... fxe6 {[%clk 0:51:01]} 22. Rae1
{[%clk 0:46:04]} 22... Kf7 {[%clk 0:50:06]} 23. a4 {[%clk 0:43:59]} 23... h5 {
[%clk 0:43:34]} 24. Kg2 {[%clk 0:38:48]} 24... Rac8 {[%clk 0:37:31]} 25. f4 {
[%clk 0:36:43]} 25... g6 {[%clk 0:33:42]} 26. gxh5 {[%clk 0:29:09]} 26... gxh5
{[%clk 0:33:52]} 27. Re5 {[%clk 0:29:05]} 27... Nf5 {[%clk 0:28:36]} 28. Nb5 {
[%clk 0:27:53]} 28... Rg8+ {[%clk 0:25:44]} 29. Kf2 {[%clk 0:27:50]} 29... Rc6
{[%clk 0:24:56]} 30. R1e2 {[%clk 0:25:29]} 30... h4 {[%clk 0:21:34]} 31. Na7 {
[%clk 0:20:47]} 31... Rc4 {[%clk 0:06:33]} 32. Nb5 {[%clk 0:19:42]} 32... Rg6 {
[%clk 0:06:14]} 33. Rxf5+ {[%clk 0:18:36]} 33... exf5 34. Nc3 {[%clk 0:18:17]}
34... Rxd4 {[%clk 0:06:44]} 35. Ke1 0-1

[Event "DVM U16 2020"]
[Site "Willingen GER"]
[Date "2021.06.25"]
[Round "3"]
[White "Fromm, Marius"]
[Black "Danninger, Jannik"]
[Result "1-0"]
[Termination "normal"]
[Board "3.1"]
[WhiteElo "2297"]
[BlackElo "1921"]
[WhiteClock "00:10:06"]
[BlackClock "00:26:03"]
[WhiteTeam "Greifswalder SV"]
[BlackTeam "TV Tegernsee"]
[PlyCount "61"]
[WhiteFideId "12993190"]
[BlackFideId "16226402"]
[EventCountry "GER"]
[EventRounds "7"]
[EventType "team-swiss"]
[EventDate "2021.06.23"]

1. e4 {[%clk 1:30:57]} 1... c5 {[%clk 1:30:54]} 2. Nf3 {[%clk 1:31:12]} 2... d6
{[%clk 1:31:12]} 3. d4 {[%clk 1:27:50]} 3... cxd4 {[%clk 1:31:34]} 4. Nxd4 {
[%clk 1:28:17]} 4... Nf6 {[%clk 1:31:19]} 5. Nc3 {[%clk 1:28:43]} 5... g6 {
[%clk 1:31:30]} 6. Be3 {[%clk 1:28:26]} 6... Bg7 {[%clk 1:31:50]} 7. f3 { [%clk
1:28:53]} 7... O-O {[%clk 1:32:04]} 8. Qd2 {[%clk 1:29:21]} 8... Nc6 { [%clk
1:32:14]} 9. O-O-O {[%clk 1:29:27]} 9... d5 {[%clk 1:32:25]} 10. exd5 { [%clk
1:29:33]} 10... Nxd5 {[%clk 1:31:27]} 11. Nxc6 {[%clk 1:29:59]} 11... bxc6
{[%clk 1:31:47]} 12. Bd4 {[%clk 1:30:24]} 12... Be6 {[%clk 1:28:32]} 13. h4
{[%clk 1:21:03]} 13... Qa5 {[%clk 1:21:56]} 14. Bxg7 {[%clk 1:14:29]} 14...
Kxg7 {[%clk 1:20:41]} 15. Qd4+ {[%clk 1:08:07]} 15... Kg8 {[%clk 1:19:20]} 16.
Qe5 {[%clk 0:50:21]} 16... Rab8 {[%clk 1:13:26]} 17. h5 {[%clk 0:42:52]} 17...
Qb4 {[%clk 1:08:34]} 18. hxg6 {[%clk 0:33:50]} 18... Qxb2+ {[%clk 1:06:38]} 19.
Kd2 {[%clk 0:34:17]} 19... Nf6 {[%clk 1:03:28]} 20. Bd3 {[%clk 0:27:48]} 20...
Rfd8 {[%clk 0:58:52]} 21. gxh7+ {[%clk 0:22:28]} 21... Kh8 {[%clk 0:56:39]} 22.
Rb1 {[%clk 0:17:56]} 22... Rxd3+ {[%clk 0:53:28]} 23. Kxd3 {[%clk 0:18:16]}
23... Rd8+ {[%clk 0:52:20]} 24. Ke3 {[%clk 0:18:42]} 24... Qxc2 {[%clk 0:50:36]
} 25. Rhd1 {[%clk 0:19:05]} 25... Rxd1 {[%clk 0:49:19]} 26. Rxd1 { [%clk
0:19:17]} 26... Kxh7 {[%clk 0:40:18]} 27. Rh1+ {[%clk 0:17:12]} 27... Kg6
{[%clk 0:37:51]} 28. Ne2 {[%clk 0:12:32]} 28... Nd5+ {[%clk 0:35:22]} 29. Kf2 {
[%clk 0:12:58]} 29... Bf5 {[%clk 0:29:09]} 30. Qh8 {[%clk 0:09:55]} 30... Qc5+
{[%clk 0:26:03]} 31. Nd4 {[%clk 0:10:06]} 1-0